000 00544nam a22001577a 4500
003 ASAB
005 20180827062832.0
008 180509t xxu||||| |||| 00| 0 eng d
040 _cASAB
100 _aSadia Zahid-sup-Dr. Sadia Andleeb
_93831
245 _aTH-MS-Cloning & Characterization of Untypable Hepatitis C virus (HCV) CORE Fragment from Pakistani Isolates
_cSadia Zahid-sup-Dr. Sadia Andleeb
260 _aIsalamabad
_bASAB (NCVI)
_c2011
300 _axviii, 89 P
_b30 cm
630 _aVirology and Immunology
_93832
942 _2ddc
_cTH
999 _c480816
_d480816